| 000 | 00741cam a22002413a 4500 | ||
|---|---|---|---|
| 001 | 40084 | ||
| 003 | PGUSA | ||
| 005 | 20140828083908.0 | ||
| 008 | 120626s2012||||xxu|||||s|||||000 | eng d | ||
| 040 |
_aPGUSA _beng |
||
| 042 | _adc | ||
| 050 | 4 | _aAP | |
| 245 | 1 | 4 |
_aThe Strand Magazine, Vol. 1 - No. 3 - March 1891 : _bAn Illustrated Monthly _h[electronic resource] / _cVarious |
| 260 |
_bProject Gutenberg, _c2012 |
||
| 506 | _aPublic domain in the USA. | ||
| 516 | _aElectronic text | ||
| 653 | _aShort stories, English -- Periodicals | ||
| 653 | _aEnglish literature -- Periodicals | ||
| 700 | 1 |
_aNewnes, George, _d1851-1910 |
|
| 830 | 0 |
_aProject Gutenberg _v40084 |
|
| 856 | 4 | 0 | _uhttp://www.gutenberg.org/ebooks/40084 |
| 942 | _cEB | ||
| 999 |
_c269337 _d269337 |
||